| 000 | 00358nam a2200145Ia 4500 | ||
|---|---|---|---|
| 008 | 230917s9999||||xx |||||||||||||| ||und|| | ||
| 040 |
_e182878 _aMAIN |
||
| 041 | _aEnglish | ||
| 082 | _a823.08 K529M | ||
| 100 | _aKohli, Suresh | ||
| 245 | 0 | _aModern Indian short stories | |
| 260 |
_aNew Delhi _bArnold-Heinemann _c1974 |
||
| 300 | _a147 p. | ||
| 942 | _cBK | ||
| 999 |
_c133992 _d133992 |
||